European Countries by a Single Clue - Statistics

General Stats
  • This quiz has been taken 1,993 times
    1,906 since last reset
  • The average score is 13 of 20
Answer Stats
Clue Country % Correct
Famous for its love of tea and scones United Kingdom
98%
Adolf Hitler was born here Austria
92%
Invented the Olympic Games back in 776 BC Greece
91%
Contains a city known for its gondola-filled canals Italy
91%
Famous for its majestic fjords Norway
87%
Colonized Brazil in 1500 Portugal
86%
Built the first man-made structure over 300m tall France
79%
Abba Sweden
77%
Over 11 million Brits flock here each year for holidays Spain
73%
Owns a rather large island with an ironic name Denmark
68%
Marie Curie, the first to be awarded two nobel prizes, was born here Poland
68%
Claims (de jure) the territory of Crimea Ukraine
68%
A banking nation thanks to its Bank Secrecy Act of 1713 Switzerland
66%
A volcano caused massive disruption to air travel in 2010 Iceland
61%
Got independence from Yugoslavia without shedding a single drop of blood North Macedonia
56%
Nikola Tesla, the inventor, originated here Serbia
48%
Receives 5000+ times more tourists than residents Vatican City
43%
Changed official short name in 1993, but took until now to see wider acceptance Czechia
35%
Invented the Rubik's Cube Hungary
33%
The only country in the world with its own official scent Lithuania
6%
No matching quizzes found
Score Distribution
Percent of People with Each Score
Percentile by Number Answered
Your Score History
You have not taken this quiz since the last reset